000 00675nam a2200217Ii 4500
003 JO-AjNU
008 230605s9999||||xx |||||||||||||| ||und||
017 _a2006/6/1458
040 _aJO-AjNU
_bara
_erda
_cJO-AjNU
041 _aara
050 1 4 _aPJ7808.S416.M87 2006
100 3 _aتأليف أبوسليم،أحمد,
_eauthor
_910528
245 0 0 _aمذكرات فارس في زمن السقوط
250 _aط1
264 3 1 _aدمشق:دا كنعان للدراسات والنشر،2006
300 _a150ص
336 _atext
_btxt
_2rdacontent
337 _aunmediated
_bn
_2rdamedia
338 _avolume
_bnc
_2rdacarrier
650 4 _aالشعر العربي
_910529
999 _aA1851
_c5419
_d5419